[Event "XVII Festival A"]
[Site "Padova ITA"]
[Date "2014.12.16"]
[Round "4"]
[White "Bove, Alessandro"]
[Black "Damia, Angelo"]
[WhiteElo "2326"]
[BlackElo "2177"]
[Result "1/2-1/2"]
[PlyCount "20"]
[EventDate "2014.12.14"]

1. b3 e5 2. Bb2 Nc6 3. e3 Nf6 4. d3 d5 5. Be2 Bd6 6. Nd2 Qe7 7. a3 O-O 8. c4 a5
9. cxd5 Nxd5 10. Ngf3 Be6 1/2-1/2

[Event "XVII Festival A"]
[Site "Padova ITA"]
[Date "2014.12.16"]
[Round "4"]
[White "Brezovar, Matjaz"]
[Black "Dvirnyy, Danyyil"]
[WhiteElo "2264"]
[BlackElo "2515"]
[Result "1/2-1/2"]
[PlyCount "61"]
[EventDate "2014.12.14"]

1. c4 g6 2. g3 Bg7 3. Bg2 c5 4. Nc3 Nc6 5. e3 Bxc3 6. bxc3 d6 7. d3 Qd7 8. e4
b6 9. h4 h5 10. Bg5 Bb7 11. Bh3 e6 12. Ne2 Ne5 13. Kf1 f6 14. Bc1 Ne7 15. Nf4
f5 16. f3 O-O-O 17. Kf2 N7c6 18. Re1 Rhe8 19. Rb1 Na5 20. Rb2 Kb8 21. Kg1 Ka8
22. Bg2 Bc6 23. Rbe2 Qf7 24. Nh3 Kb7 25. Ng5 Qd7 26. exf5 exf5 27. Bf4 Ba4 28.
Qd2 Bc6 29. Qd1 Ba4 30. Qd2 Bc6 31. Qd1 1/2-1/2

[Event "XVII Festival A"]
[Site "Padova ITA"]
[Date "2014.12.16"]
[Round "4"]
[White "Brunello, Marina"]
[Black "Lazic, Miroljub"]
[WhiteElo "2254"]
[BlackElo "2459"]
[Result "1-0"]
[PlyCount "47"]
[EventDate "2014.12.14"]

1. e4 d6 2. d4 Nf6 3. Nc3 e5 4. Nf3 Nbd7 5. Bc4 Be7 6. O-O O-O 7. Re1 c6 8. a4
a5 9. h3 exd4 10. Nxd4 Nc5 11. Bf4 Ne8 12. Be3 Nxe4 13. Nxe4 d5 14. Ng3 dxc4
15. Ndf5 Bxf5 16. Nxf5 Nc7 17. Bb6 Bf6 18. Qg4 g6 19. Qg3 Qd7 20. Nh6+ Kg7 21.
Ng4 Bd8 22. Be3 Re8 23. Bh6+ Kg8 24. Qxc7 1-0

[Event "XVII Festival A"]
[Site "Padova ITA"]
[Date "2014.12.16"]
[Round "4"]
[White "De Santis, Alessio"]
[Black "Sumets, Andrey"]
[WhiteElo "2288"]
[BlackElo "2578"]
[Result "1/2-1/2"]
[PlyCount "100"]
[EventDate "2014.12.14"]

1. Nf3 Nf6 2. g3 b5 3. Bg2 Bb7 4. O-O e6 5. d3 c5 6. e4 d6 7. a4 b4 8. Nbd2
Nbd7 9. Re1 Be7 10. Qe2 O-O 11. h4 Rc8 12. b3 Ne8 13. Bb2 Bf6 14. Bxf6 Nexf6
15. Nc4 Qc7 16. e5 dxe5 17. Nfxe5 Nd5 18. Nxd7 Qxd7 19. Qe5 Rfd8 20. Re4 Ne7
21. Rg4 Ng6 22. Qe2 Bxg2 23. Kxg2 Ne7 24. Qe5 Qd5+ 25. Qxd5 exd5 26. Ne3 Rc6
27. Re1 Re6 28. Kf1 Re8 29. Ng2 Nf5 30. Rxe6 fxe6 31. Ne3 Nd4 32. h5 Rf8 33.
Kg2 Rf6 34. Rh4 Kf8 35. f4 Ke7 36. Rh2 Kd6 37. Kf1 Nf5 38. Nxf5+ Rxf5 39. Ke2
e5 40. fxe5+ Kxe5 41. Rh4 a5 42. Rg4 Rxh5 43. d4+ cxd4 44. Rxg7 Rh2+ 45. Kd3
Rg2 46. Re7+ Kd6 47. Rxh7 Rxg3+ 48. Kxd4 Rg4+ 49. Kd3 Rg3+ 50. Kd4 Rg4+ 1/2-1/2

[Event "XVII Festival A"]
[Site "Padova ITA"]
[Date "2014.12.16"]
[Round "4"]
[White "Gabuzyan, Hovhannes"]
[Black "Valsecchi, Alessio"]
[WhiteElo "2565"]
[BlackElo "2432"]
[Result "1-0"]
[PlyCount "81"]
[EventDate "2014.12.14"]

1. Nf3 d5 2. g3 Nc6 3. c4 d4 4. Bg2 e5 5. O-O a5 6. d3 Nf6 7. e3 Be7 8. exd4
exd4 9. Na3 Nd7 10. Nb5 Nc5 11. Re1 O-O 12. Bf4 Ne6 13. Rxe6 fxe6 14. Bxc7 Qd7
15. Qe2 a4 16. a3 Ra6 17. Re1 Bf6 18. Bd6 Rd8 19. Bh3 Na7 20. Nxa7 Rxa7 21. c5
Ra6 22. Ne5 Qe8 23. Nc4 Qf7 24. Bb8 Be7 25. Bc7 Re8 26. Bd6 Bf6 27. Nb6 Rxb6
28. cxb6 Qd7 29. Rc1 Qxd6 30. Rxc8 Bd8 31. Qe4 Qxb6 32. Bxe6+ Kh8 33. Qd5 h6
34. Rb8 Qxe6 35. Qxe6 Rxe6 36. Rxd8+ Kh7 37. Rxd4 b5 38. Rb4 Re1+ 39. Kg2 Rd1
40. d4 Rd3 41. Kf1 1-0

[Event "XVII Festival A"]
[Site "Padova ITA"]
[Date "2014.12.16"]
[Round "4"]
[White "Georgiev, Kiril D."]
[Black "Godena, Michele"]
[WhiteElo "2628"]
[BlackElo "2495"]
[Result "1-0"]
[PlyCount "139"]
[EventDate "2014.12.14"]

1. d4 d5 2. Bf4 Bf5 3. e3 e6 4. c4 Bxb1 5. Qxb1 Bb4+ 6. Kd1 dxc4 7. Bxc4 Bd6 8.
Bg3 c5 9. Bb5+ Kf8 10. Nf3 Bxg3 11. hxg3 Nf6 12. Qc2 cxd4 13. Nxd4 g6 14. Ke2
Kg7 15. Rac1 a6 16. Ba4 b5 17. Bb3 Qe7 18. Qc5 Ra7 19. Qxe7 Rxe7 20. Rhd1 Rhe8
21. Rc2 Rb7 22. Rdc1 Kf8 23. a3 Nbd7 24. Nc6 Rc8 25. f3 Rbc7 26. e4 Ne8 27. e5
Nb6 28. Na5 Rxc2+ 29. Rxc2 Rxc2+ 30. Bxc2 f6 31. f4 fxe5 32. fxe5 Ke7 33. Nc6+
Kf7 34. Bb3 Nc7 35. Kd3 h5 36. Kd4 Nd7 37. Bd1 Nd5 38. Bf3 Nc7 39. b3 Kg7 40.
Na5 Kh6 41. Bc6 Nf8 42. Kc5 Kg5 43. Kb6 Nd5+ 44. Kxa6 Kg4 45. Kxb5 Kxg3 46. Nc4
g5 47. a4 Ng6 48. a5 Nge7 49. Bb7 h4 50. Nb6 Nc7+ 51. Kc5 Nf5 52. b4 g4 53. Nc4
Nd5 54. a6 h3 55. gxh3 gxh3 56. Bxd5 exd5 57. a7 h2 58. a8=Q h1=Q 59. Qxd5 Qg1+
60. Kb5 Nd4+ 61. Ka6 Qa1+ 62. Kb6 Qc3 63. b5 Kf4 64. Nd6 Qe3 65. Qf7+ Nf5+ 66.
Kb7 Kxe5 67. Nc4+ Kd4 68. Nxe3 Nd6+ 69. Kc7 Nxf7 70. b6 1-0

[Event "XVII Festival A"]
[Site "Padova ITA"]
[Date "2014.12.16"]
[Round "4"]
[White "Lajthajm, Borko"]
[Black "Palac, Mladen"]
[WhiteElo "2462"]
[BlackElo "2584"]
[Result "1/2-1/2"]
[PlyCount "20"]
[EventDate "2014.12.14"]

1. d4 Nf6 2. c4 e6 3. Nf3 d5 4. Nc3 Bb4 5. cxd5 exd5 6. Qa4+ Nc6 7. Bg5 h6 8.
Bxf6 Qxf6 9. e3 O-O 10. Rc1 Qd6 1/2-1/2

[Event "XVII Festival A"]
[Site "Padova ITA"]
[Date "2014.12.16"]
[Round "4"]
[White "Laketic, Gojko"]
[Black "Andreoni, Giuseppe"]
[WhiteElo "2389"]
[BlackElo "2179"]
[Result "1-0"]
[PlyCount "59"]
[EventDate "2014.12.14"]

1. d4 Nf6 2. c4 g6 3. Nc3 d5 4. cxd5 Nxd5 5. Bd2 Bg7 6. e4 Nxc3 7. Bxc3 O-O 8.
Qd2 Nd7 9. Nf3 c5 10. Be2 cxd4 11. Bxd4 Nf6 12. e5 Nd5 13. O-O b6 14. Rad1 Bb7
15. Ng5 h6 16. Ne4 Qd7 17. f4 Rad8 18. Ng3 h5 19. f5 h4 20. e6 Bxd4+ 21. Qxd4
Qc6 22. exf7+ Rxf7 23. fxg6 Rxf1+ 24. Nxf1 Qxg6 25. Qxh4 Rd6 26. Bc4 Kg7 27.
Bxd5 Rxd5 28. Qxe7+ Kh6 29. Rxd5 Bxd5 30. Qh4+ 1-0

[Event "XVII Festival A"]
[Site "Padova ITA"]
[Date "2014.12.16"]
[Round "4"]
[White "Massironi, Marco"]
[Black "Borgo, Giulio"]
[WhiteElo "2236"]
[BlackElo "2357"]
[Result "1/2-1/2"]
[PlyCount "62"]
[EventDate "2014.12.14"]

1. e4 e6 2. d4 d5 3. Nc3 Nf6 4. e5 Nfd7 5. f4 c5 6. Nf3 Nc6 7. Be3 Qb6 8. Na4
Qc7 9. Nxc5 Nxd4 10. Nxd4 Nxc5 11. Bd3 a6 12. O-O g6 13. Qe2 Be7 14. Rfc1 b5
15. Nb3 Na4 16. c4 bxc4 17. Bxc4 Qb8 18. Bd3 O-O 19. Rc2 a5 20. Rac1 Nb6 21.
Nd4 Bd7 22. Nc6 Bxc6 23. Rxc6 d4 24. Bxd4 Nd5 25. Qe4 Nb4 26. Rb6 Qd8 27. Rb7
Rb8 28. Rxb8 Qxb8 29. a3 Nxd3 30. Qxd3 Rd8 31. Qc3 Qb7 1/2-1/2

[Event "XVII Festival A"]
[Site "Padova ITA"]
[Date "2014.12.16"]
[Round "4"]
[White "Pescatore, Lorenzo"]
[Black "Bonafede, Alessandro"]
[WhiteElo "2234"]
[BlackElo "2339"]
[Result "0-1"]
[PlyCount "133"]
[EventDate "2014.12.14"]

1. e4 g6 2. d4 Bg7 3. Nf3 c6 4. Nc3 d5 5. h3 Nh6 6. Bd3 f6 7. O-O Nf7 8. exd5
cxd5 9. Ne2 e5 10. dxe5 fxe5 11. Bb5+ Nc6 12. c4 d4 13. Ng3 O-O 14. Re1 Qc7 15.
Ne4 Na5 16. c5 Be6 17. b3 Bd5 18. Bd3 Bxe4 19. Bxe4 Qxc5 20. b4 Qxb4 21. Bd2
Qb6 22. Qa4 Nc6 23. Rab1 Qc7 24. Qb3 Rab8 25. Ng5 Ncd8 26. Bd5 h6 27. Bxf7+
Rxf7 28. Nxf7 Qxf7 29. f4 Qxb3 30. Rxb3 Kf7 31. fxe5 Ke6 32. Rg3 g5 33. h4 Nf7
34. hxg5 hxg5 35. Bxg5 Bxe5 36. Bf4 Kd5 37. Bxe5 Nxe5 38. Ra3 Nc6 39. Rb3 b5
40. Rg3 Ne5 41. Ra3 Rb7 42. Kf1 Rf7+ 43. Ke2 Rg7 44. Kf1 Nc4 45. Rd3 a5 46. Re8
Nd6 47. Re1 b4 48. Rh3 Rg5 49. a3 Ne4 50. axb4 axb4 51. Rd3 Rf5+ 52. Kg1 Nc3
53. Re8 Kc4 54. Rd2 Rd5 55. Rc8+ Kb3 56. g4 d3 57. Kf1 Ne4 58. Ke1 Nd6 59. Rc1
Nc4 60. Rb1+ Kc3 61. Rc1+ Kd4 62. Rb1 Re5+ 63. Kd1 Nxd2 64. Kxd2 Re2+ 65. Kd1
Kc3 66. Rc1+ Rc2 67. g5 0-1

[Event "XVII Festival A"]
[Site "Padova ITA"]
[Date "2014.12.16"]
[Round "4"]
[White "Vezzosi, Paolo"]
[Black "Bruno, Fabio"]
[WhiteElo "2291"]
[BlackElo "2437"]
[Result "1/2-1/2"]
[PlyCount "76"]
[EventDate "2014.12.14"]

1. d4 Nf6 2. c4 e6 3. Nf3 b6 4. g3 Ba6 5. b3 Bb4+ 6. Bd2 Be7 7. Nc3 c6 8. Bg2
d5 9. Ne5 Nfd7 10. Nxd7 Nxd7 11. O-O Rc8 12. cxd5 cxd5 13. Re1 O-O 14. a3 Nb8
15. Na2 Bxa3 16. Bb4 Bxb4 17. Nxb4 Bb5 18. Rxa7 Rc3 19. Na2 Rc7 20. Rxc7 Qxc7
21. Qd2 Nc6 22. Nc3 Ba6 23. Na4 Rb8 24. e3 Qd6 25. Bf1 Bxf1 26. Kxf1 Na5 27.
Qc3 Qd7 28. Qb4 Qc6 29. Ra1 Qc2 30. Nxb6 Nc6 31. Qc5 Qb2 32. Ra6 Qxb3 33. Kg2
Nb4 34. Ra7 Qb1 35. Qc7 Qe4+ 36. Kg1 Qb1+ 37. Kg2 Qe4+ 38. Kg1 Qb1+ 1/2-1/2

[Event "XVII Festival A"]
[Site "Padova ITA"]
[Date "2014.12.16"]
[Round "4"]
[White "Vovk, Yuri"]
[Black "Delchev, Aleksander"]
[WhiteElo "2592"]
[BlackElo "2627"]
[Result "1-0"]
[PlyCount "129"]
[EventDate "2014.12.14"]

1. d4 Nf6 2. c4 e6 3. Nf3 d5 4. Nc3 c5 5. cxd5 Nxd5 6. e4 Nxc3 7. bxc3 cxd4 8.
cxd4 Bb4+ 9. Bd2 Bxd2+ 10. Qxd2 O-O 11. Rc1 Nc6 12. Be2 Qd6 13. O-O Rd8 14.
Rfd1 Bd7 15. Qb2 Rab8 16. a3 Ne7 17. Ne5 Ba4 18. Rd2 Ng6 19. Nc4 Qf4 20. f3
Rbc8 21. g3 Qg5 22. Kf2 Qb5 23. Qa1 Qc6 24. Rb1 b5 25. Ne3 a6 26. Qb2 Ne7 27.
Qb4 Qc7 28. Qb2 Qa7 29. Rc1 Rxc1 30. Qxc1 Rc8 31. Qb2 h6 32. h4 Rd8 33. h5 Qb6
34. f4 Nc6 35. d5 exd5 36. exd5 Ne7 37. Rd4 Nc8 38. Bg4 Qd6 39. Bxc8 Rxc8 40.
Qb4 Qxb4 41. axb4 Kf8 42. d6 Bb3 43. Kf3 Be6 44. Nd5 Bxd5+ 45. Rxd5 Rc3+ 46.
Ke4 Ke8 47. Rc5 Rxc5 48. bxc5 Kd7 49. g4 a5 50. Kd4 b4 51. Kc4 Kc6 52. g5 f5
53. g6 Kd7 54. Kd5 b3 55. c6+ Kd8 56. Ke6 b2 57. c7+ Kc8 58. d7+ Kxc7 59. Ke7
b1=Q 60. d8=Q+ Kb7 61. Qxa5 Kc6 62. Qc3+ Kd5 63. Qe5+ Kc4 64. Kf8 Qb7 65. Qxf5
1-0

[Event "XVII Festival A"]
[Site "Padova ITA"]
[Date "2014.12.17"]
[Round "5"]
[White "Bonafede, Alessandro"]
[Black "Lajthajm, Borko"]
[WhiteElo "2339"]
[BlackElo "2462"]
[Result "1/2-1/2"]
[PlyCount "132"]
[EventDate "2014.12.14"]

1. e4 d5 2. exd5 Qxd5 3. Nc3 Qa5 4. d4 c6 5. Nf3 Bg4 6. h3 Bxf3 7. Qxf3 e6 8.
Bd2 Nd7 9. O-O-O Ngf6 10. Kb1 Qc7 11. g4 h6 12. h4 g6 13. Bg2 h5 14. g5 Nd5 15.
Ne4 b5 16. Rhe1 Be7 17. Qd3 O-O 18. Ng3 N7b6 19. Rxe6 Bb4 20. Bxd5 Nxd5 21. Re4
a5 22. c3 Bd6 23. Ree1 Rfe8 24. Qf3 Bxg3 25. fxg3 Qd7 26. Rxe8+ Rxe8 27. Re1
Rxe1+ 28. Bxe1 Kf8 29. Bd2 f6 30. gxf6 Nxf6 31. Kc2 Kg8 32. b3 a4 33. Be1 axb3+
34. axb3 Qe6 35. Bd2 Nd5 36. Kd3 Kg7 37. Qe4 Qh3 38. Qe5+ Kf7 39. Kc2 Qf1 40.
Qe4 Qf2 41. Qe5 Qg2 42. c4 bxc4 43. bxc4 Ne7 44. Kc3 Qf3+ 45. Kb4 c5+ 46. Kxc5
Qa3+ 47. Kb5 Nf5 48. Bb4 Qa7 49. c5 Qb7+ 50. Kc4 Qa6+ 51. Kc3 Qa1+ 52. Kb3 Qd1+
53. Kb2 Nxd4 54. Qd5+ Ke8 55. Qe4+ Kd7 56. Qd5+ Kc8 57. Qg8+ Kd7 58. Qf7+ Kc6
59. Qe8+ Kd5 60. Qf7+ Kc6 61. Qe8+ Kd5 62. Qf7+ Kc6 63. Qe8+ Kb7 64. Qf7+ Kc6
65. Qe8+ Kb7 66. Qf7+ Kc6 1/2-1/2

[Event "XVII Festival A"]
[Site "Padova ITA"]
[Date "2014.12.17"]
[Round "5"]
[White "Brunello, Marina"]
[Black "Laketic, Gojko"]
[WhiteElo "2254"]
[BlackElo "2389"]
[Result "1/2-1/2"]
[PlyCount "91"]
[EventDate "2014.12.14"]

1. e4 Nf6 2. e5 Nd5 3. d4 d6 4. Nf3 g6 5. c4 Nb6 6. exd6 cxd6 7. Nc3 Bg7 8. Be3
O-O 9. Be2 Bg4 10. O-O Nc6 11. b3 e6 12. h3 Bxf3 13. Bxf3 d5 14. cxd5 exd5 15.
Qd2 Re8 16. a4 a5 17. Nb5 Rc8 18. Rac1 Qd7 19. Bh6 Bxh6 20. Qxh6 Nb4 21. Qg5
Rxc1 22. Rxc1 Rc8 23. Rxc8+ Qxc8 24. Nd6 Qd7 25. Qe5 Nc6 26. Qf6 Qe6 27. Qxe6
fxe6 28. Nxb7 Kf8 29. Bg4 Ke7 30. f4 Nc8 31. Kf2 Nd6 32. Nxd6 Kxd6 33. Ke3 h6
34. h4 h5 35. Be2 Ke7 36. Bb5 Nb4 37. Kd2 Kf6 38. Bd3 Nc6 39. Kc3 Nb4 40. Bb1
Nc6 41. Kd3 Nb4+ 42. Ke3 Nc6 43. Bd3 Nb4 44. g3 Nc6 45. Bb5 Nb4 46. Bd3 1/2-1/2

[Event "XVII Festival A"]
[Site "Padova ITA"]
[Date "2014.12.17"]
[Round "5"]
[White "Bruno, Fabio"]
[Black "Codenotti, Marco"]
[WhiteElo "2437"]
[BlackElo "2345"]
[Result "1/2-1/2"]
[PlyCount "71"]
[EventDate "2014.12.14"]

1. Nf3 d5 2. d4 Nf6 3. c4 c6 4. Qc2 dxc4 5. Qxc4 Bf5 6. Nc3 e6 7. g3 Nbd7 8.
Bg2 Be7 9. O-O O-O 10. Re1 Ne4 11. Bf4 Qb6 12. Nh4 Nd6 13. Bxd6 Bxd6 14. Nxf5
exf5 15. e3 Nf6 16. Rab1 a5 17. a3 Rfe8 18. Qd3 g6 19. Red1 Bf8 20. Qc2 Qa6 21.
Rdc1 Qc4 22. d5 Nxd5 23. Nxd5 cxd5 24. Qxc4 dxc4 25. Bxb7 Rab8 26. Ba6 Bg7 27.
Rxc4 Rxb2 28. Rxb2 Bxb2 29. a4 Ba3 30. Bb5 Re7 31. Rc6 Kg7 32. Kg2 h5 33. h3
Bb4 34. Rc4 Re4 35. Rc7 Re7 36. Rxe7 1/2-1/2

[Event "XVII Festival A"]
[Site "Padova ITA"]
[Date "2014.12.17"]
[Round "5"]
[White "Damia, Angelo"]
[Black "Rombaldoni, Axel"]
[WhiteElo "2177"]
[BlackElo "2505"]
[Result "0-1"]
[PlyCount "56"]
[EventDate "2014.12.14"]

1. e4 c5 2. Nf3 e6 3. d4 cxd4 4. Nxd4 Nc6 5. Be3 Nf6 6. Bd3 d5 7. exd5 Nxd5 8.
Nxc6 bxc6 9. Bc1 Bd6 10. g3 h5 11. h4 Qc7 12. Qe2 Nb4 13. Bc4 Bb7 14. c3 c5 15.
Rg1 Nc6 16. Bg5 f6 17. Be3 Ne5 18. Nd2 Nxc4 19. Nxc4 O-O-O 20. Nxd6+ Rxd6 21.
Bf4 e5 22. Bd2 Qa5 23. g4 Rhd8 24. Rd1 Qa4 25. gxh5 Qxh4 26. Qe3 Qh2 27. Rxg7
Qh1+ 28. Ke2 Ba6+ 0-1

[Event "XVII Festival A"]
[Site "Padova ITA"]
[Date "2014.12.17"]
[Round "5"]
[White "Delchev, Aleksander"]
[Black "Bove, Alessandro"]
[WhiteElo "2627"]
[BlackElo "2326"]
[Result "1-0"]
[PlyCount "77"]
[EventDate "2014.12.14"]

1. d4 f5 2. c4 Nf6 3. Nc3 g6 4. h4 d6 5. h5 Rg8 6. hxg6 hxg6 7. Nf3 c6 8. Qd3
Na6 9. a3 e5 10. dxe5 Ng4 11. b4 Qb6 12. e3 dxe5 13. c5 Qc7 14. Qc4 Rg7 15. Qb3
Rh7 16. Rh3 Qe7 17. Bc4 Rxh3 18. gxh3 e4 19. hxg4 exf3 20. Bb2 fxg4 21. O-O-O
Bd7 22. Bf7+ Qxf7 23. Qxf7+ Kxf7 24. Rxd7+ Ke6 25. Rxb7 Be7 26. Ne4 Nb8 27. Be5
Nd7 28. Bg3 a5 29. Rc7 axb4 30. axb4 Ra4 31. Rxc6+ Kd5 32. Rc7 Kxe4 33. Rxd7
Bf6 34. c6 Rxb4 35. c7 Rc4+ 36. Kd1 Rc5 37. Rf7 Bb2 38. Rf8 Be5 39. Bxe5 1-0

[Event "XVII Festival A"]
[Site "Padova ITA"]
[Date "2014.12.17"]
[Round "5"]
[White "Dvirnyy, Danyyil"]
[Black "De Santis, Alessio"]
[WhiteElo "2515"]
[BlackElo "2288"]
[Result "1-0"]
[PlyCount "159"]
[EventDate "2014.12.14"]

1. e4 d6 2. d4 Nf6 3. Nc3 e5 4. Nf3 exd4 5. Nxd4 Be7 6. Bf4 O-O 7. Be2 Re8 8.
Qd2 Nc6 9. O-O Bf8 10. Nxc6 bxc6 11. Bf3 Bg4 12. Bxg4 Nxg4 13. Rad1 Qc8 14.
Rfe1 Be7 15. h3 Ne5 16. Bxe5 dxe5 17. Na4 Qa6 18. b3 Rad8 19. Qe3 Bb4 20. Rf1
h6 21. h4 Be7 22. g3 Rd6 23. Rd3 Red8 24. Rfd1 h5 25. Kg2 g6 26. R1d2 Kg7 27.
Qe2 Qa5 28. Kh3 Qa6 29. Rxd6 Qxe2 30. Rxg6+ fxg6 31. Rxe2 Rd1 32. Nb2 Ra1 33.
a4 Kf6 34. Nd3 Ke6 35. Kg2 Bd6 36. Kf3 Ba3 37. Ke3 c5 38. f4 exf4+ 39. Nxf4+
Kf7 40. Nd3 c4 41. Ne5+ Ke6 42. Nxc4 Bc5+ 43. Kf3 Rf1+ 44. Kg2 Rg1+ 45. Kh2 Rb1
46. Nd2 Rd1 47. Nf3 Be7 48. Kg2 a6 49. Rd2 Rc1 50. Nd4+ Kf7 51. Rf2+ Ke8 52.
Ne6 Bd6 53. e5 Bxe5 54. Re2 Bd6 55. Nxc7+ Kd7 56. Nxa6 Kc8 57. b4 Kb7 58. Nc5+
Bxc5 59. bxc5 Kc6 60. Re6+ Kxc5 61. Rxg6 Rxc2+ 62. Kh3 Ra2 63. Rg5+ Kd6 64. a5
Ke7 65. Rxh5 Kf7 66. Rb5 Ra4 67. h5 Kf6 68. g4 Ra1 69. Rf5+ Kg7 70. Kh4 Rc1 71.
Kg5 Rc6 72. Rb5 Ra6 73. Kh4 Rc6 74. Rb7+ Kh8 75. Rb6 Rc5 76. a6 Ra5 77. Rb8+
Kg7 78. Rb7+ Kh6 79. g5+ Rxg5 80. Rb6+ 1-0

[Event "XVII Festival A"]
[Site "Padova ITA"]
[Date "2014.12.17"]
[Round "5"]
[White "Georgiev, Kiril D."]
[Black "Vovk, Yuri"]
[WhiteElo "2628"]
[BlackElo "2592"]
[Result "1/2-1/2"]
[PlyCount "175"]
[EventDate "2014.12.14"]

1. d4 Nf6 2. Nf3 e6 3. Bg5 h6 4. Bh4 c5 5. e3 b6 6. Bd3 Bb7 7. Nbd2 Be7 8. O-O
O-O 9. c3 d6 10. a4 cxd4 11. exd4 a6 12. Bxf6 Bxf6 13. Ne4 Bxe4 14. Bxe4 d5 15.
Bc2 Nc6 16. Re1 g6 17. Qd3 Re8 18. g3 Qc7 19. h4 h5 20. Kg2 Kg7 21. Re3 e5 22.
dxe5 Nxe5 23. Nxe5 Rxe5 24. Rxe5 Qxe5 25. Rd1 Rd8 26. Qxa6 d4 27. Qxb6 Qe2 28.
Bb3 Qe4+ 29. Kg1 dxc3 30. Rxd8 Bxd8 31. Qxd8 cxb2 32. Ba2 b1=Q+ 33. Bxb1 Qxb1+
34. Kh2 Qb2 35. Qd5 Qxf2+ 36. Qg2 Qc5 37. Qd2 Qa3 38. a5 Kh7 39. Kg2 Qa4 40.
Qc3 Qe4+ 41. Kf2 Qf5+ 42. Ke3 Qe6+ 43. Kd4 Qd6+ 44. Kc4 Qc6+ 45. Kb4 Qb7+ 46.
Ka3 Qe7+ 47. Kb3 Qe6+ 48. Qc4 Qe3+ 49. Kb4 Qe7+ 50. Qc5 Qe4+ 51. Kb5 Qb7+ 52.
Kc4 Qe4+ 53. Qd4 Qc6+ 54. Kb4 Qb7+ 55. Qb6 Qe4+ 56. Kc5 Qe5+ 57. Kc6 Qe6+ 58.
Kb7 Qe4+ 59. Qc6 Qb4+ 60. Ka6 Qd4 61. Qc7 Qd3+ 62. Ka7 Qe3+ 63. Kb7 Qe4+ 64.
Kc8 Qe8+ 65. Qd8 Qc6+ 66. Kb8 Qb5+ 67. Qb6 Qe8+ 68. Kc7 Qe7+ 69. Kc6 Qe6+ 70.
Kb7 Qe4+ 71. Qc6 Qb4+ 72. Ka6 Qd4 73. Qc7 Qd3+ 74. Ka7 Qe3+ 75. Ka8 Qe8+ 76.
Qb8 Qc6+ 77. Qb7 Qe8+ 78. Ka7 Qe3+ 79. Ka6 Qe6+ 80. Qb6 Qc8+ 81. Kb5 Qe8+ 82.
Qc6 Qe5+ 83. Qc5 Qe8+ 84. Kb4 Qe1+ 85. Ka4 Qe4+ 86. Kb3 Qd3+ 87. Qc3 Qd5+ 88.
Kb4 1/2-1/2

[Event "XVII Festival A"]
[Site "Padova ITA"]
[Date "2014.12.17"]
[Round "5"]
[White "Godena, Michele"]
[Black "Marguerettaz, Davy"]
[WhiteElo "2495"]
[BlackElo "2223"]
[Result "1-0"]
[PlyCount "75"]
[EventDate "2014.12.14"]

1. e4 e5 2. Nf3 Nc6 3. Bc4 Be7 4. O-O Nf6 5. d3 O-O 6. Re1 d6 7. a4 Na5 8. Ba2
Be6 9. b4 Bxa2 10. Rxa2 Nc6 11. c3 Qd7 12. Nbd2 Nd8 13. d4 exd4 14. Nxd4 Re8
15. Nc4 Bf8 16. e5 Nd5 17. Bd2 Nc6 18. Nxc6 bxc6 19. Ra1 Qf5 20. exd6 cxd6 21.
Na5 c5 22. b5 Qd3 23. c4 Nc3 24. Bxc3 Qxc3 25. Rxe8 Rxe8 26. Nc6 Qxc4 27. Nxa7
d5 28. b6 d4 29. Rb1 Qa6 30. Nc6 Bd6 31. g3 d3 32. Kg2 c4 33. Qf3 d2 34. a5 Qb7
35. Rd1 Rc8 36. Rxd2 c3 37. Rxd6 c2 38. Qc3 1-0

[Event "XVII Festival A"]
[Site "Padova ITA"]
[Date "2014.12.17"]
[Round "5"]
[White "Mrdja, Milan"]
[Black "Massironi, Marco"]
[WhiteElo "2383"]
[BlackElo "2236"]
[Result "1/2-1/2"]
[PlyCount "67"]
[EventDate "2014.12.14"]

1. e4 c5 2. Nf3 d6 3. d4 cxd4 4. Qxd4 Nf6 5. c4 Nc6 6. Qe3 g6 7. h3 Bg7 8. Be2
O-O 9. O-O Nd7 10. Nc3 Qa5 11. Rd1 Qc5 12. Qf4 Nde5 13. Rd5 Nxf3+ 14. Qxf3 Qb6
15. Bf1 Be6 16. Rg5 Ne5 17. Qd1 Nxc4 18. Rb5 Qc6 19. Rb4 Ne5 20. Be3 Qd7 21.
Nd5 Nc6 22. Rb5 Rfc8 23. Rc1 b6 24. a4 Bxd5 25. exd5 Nd8 26. a5 Rxc1 27. Qxc1
bxa5 28. Rxa5 Nb7 29. Rxa7 Rxa7 30. Bxa7 Nc5 31. Bxc5 dxc5 32. Qxc5 Bxb2 33.
Qc6 Qd6 34. Qxd6 1/2-1/2

[Event "XVII Festival A"]
[Site "Padova ITA"]
[Date "2014.12.17"]
[Round "5"]
[White "Palac, Mladen"]
[Black "Gabuzyan, Hovhannes"]
[WhiteElo "2584"]
[BlackElo "2565"]
[Result "1-0"]
[PlyCount "49"]
[EventDate "2014.12.14"]

1. e4 c5 2. Nf3 d6 3. d4 cxd4 4. Nxd4 Nf6 5. Nc3 a6 6. Be3 e5 7. Nb3 Be6 8. f3
h5 9. Qd2 Nbd7 10. Nd5 Nxd5 11. exd5 Bf5 12. c4 Rc8 13. Be2 b6 14. O-O h4 15.
Rac1 Qf6 16. c5 bxc5 17. Bxa6 Ra8 18. Bb5 Be7 19. Na5 O-O 20. a4 Qg6 21. Nc6
Bf6 22. b4 e4 23. fxe4 Bxe4 24. Rxf6 Qxf6 25. Bg5 1-0

[Event "XVII Festival A"]
[Site "Padova ITA"]
[Date "2014.12.17"]
[Round "5"]
[White "Sumets, Andrey"]
[Black "Brezovar, Matjaz"]
[WhiteElo "2578"]
[BlackElo "2264"]
[Result "1/2-1/2"]
[PlyCount "69"]
[EventDate "2014.12.14"]

1. d4 e6 2. Nf3 f5 3. c4 Nf6 4. g3 d5 5. Bg2 c6 6. O-O Bd6 7. b3 Qe7 8. Ne5 O-O
9. Nd2 a5 10. Ndf3 b5 11. Bf4 Nh5 12. e3 Bb7 13. cxb5 cxb5 14. Nd3 Nxf4 15.
exf4 Nd7 16. Qe2 Rfe8 17. Rfc1 b4 18. Nfe5 Ba6 19. Qe3 Bxd3 20. Qxd3 Nf6 21.
Rc6 Ne4 22. Bxe4 fxe4 23. Qb5 Bxe5 24. fxe5 Rf8 25. Rac1 Qg5 26. Qe2 h5 27. h4
Qg6 28. Rc7 a4 29. bxa4 Rxa4 30. Rb7 Ra3 31. Rcc7 Rxg3+ 32. fxg3 Qxg3+ 33. Qg2
Qe1+ 34. Kh2 Qxh4+ 35. Kg1 1/2-1/2

[Event "XVII Festival A"]
[Site "Padova ITA"]
[Date "2014.12.17"]
[Round "5"]
[White "Valsecchi, Alessio"]
[Black "Moroni, Luca jr"]
[WhiteElo "2432"]
[BlackElo "2321"]
[Result "0-1"]
[PlyCount "110"]
[EventDate "2014.12.14"]

1. e4 e6 2. d4 d5 3. e5 c5 4. c3 Nc6 5. Nf3 Qb6 6. Bd3 cxd4 7. O-O Bd7 8. Re1
Nge7 9. h4 Rc8 10. h5 a6 11. Bc2 h6 12. a3 dxc3 13. Nxc3 Na5 14. Ra2 Nec6 15.
Be3 Qc7 16. Bf4 Qd8 17. Bb1 Nc4 18. Bd3 b5 19. Bg3 Qb6 20. Nh4 Qd4 21. Nf3 Qg4
22. Ne2 Bc5 23. Qa1 Bb6 24. b3 N4a5 25. Qd1 O-O 26. Bb1 Ne7 27. Ned4 Rc3 28.
Qd2 Rfc8 29. Rb2 Qxh5 30. Rd1 Qg4 31. b4 Bxd4 32. Qxd4 Qxd4 33. Nxd4 Nc4 34.
Rb3 Nxa3 35. Bd3 Rc1 36. Rf1 R8c3 37. Bf4 Rxf1+ 38. Kxf1 Rxb3 39. Nxb3 Nc6 40.
Bd2 Nxe5 41. Be2 Nec4 42. Bc3 e5 43. Nc5 Bc8 44. Bd3 d4 45. Ba1 a5 46. bxa5
Nxa5 47. f4 f6 48. fxe5 fxe5 49. Kf2 N3c4 50. Be4 Kf8 51. Nd3 Bb7 52. Bf5 Nb3
53. Bd7 Nxa1 54. Bxb5 Nd6 55. Ba4 e4 0-1

[Event "XVII Festival A"]
[Site "Padova ITA"]
[Date "2014.12.18"]
[Round "6"]
[White "Brezovar, Matjaz"]
[Black "Godena, Michele"]
[WhiteElo "2264"]
[BlackElo "2495"]
[Result "0-1"]
[PlyCount "52"]
[EventDate "2014.12.14"]

1. c4 e5 2. g3 Nf6 3. Bg2 c6 4. d4 exd4 5. Qxd4 d5 6. Nf3 Be6 7. O-O dxc4 8.
Qxd8+ Kxd8 9. Ng5 Nbd7 10. a4 a5 11. Nxe6+ fxe6 12. Bh3 e5 13. Bg5 Kc7 14. Nd2
b5 15. Bg2 Ra6 16. Rfc1 Be7 17. b3 Nc5 18. Be3 Nfd7 19. f4 exf4 20. gxf4 Bf6
21. axb5 cxb5 22. Ra2 Re8 23. Bxc5 Nxc5 24. Nxc4 Nxb3 25. Nb6+ Nxc1 26. Rc2+
Kxb6 0-1

[Event "XVII Festival A"]
[Site "Padova ITA"]
[Date "2014.12.18"]
[Round "6"]
[White "Codenotti, Marco"]
[Black "Petkov, Vladimir"]
[WhiteElo "2345"]
[BlackElo "2527"]
[Result "1-0"]
[PlyCount "101"]
[EventDate "2014.12.14"]

1. e4 e5 2. Nf3 Nc6 3. Bc4 Bc5 4. c3 Nf6 5. d3 a6 6. Bb3 Ba7 7. h3 d6 8. Nbd2
Ne7 9. Nf1 Ng6 10. Ng3 O-O 11. O-O c6 12. Be3 Bxe3 13. fxe3 d5 14. exd5 cxd5
15. d4 e4 16. Ne5 Qc7 17. Nh5 Nxh5 18. Qxh5 Be6 19. Bxd5 Nxe5 20. Bxe6 Nf3+ 21.
gxf3 Qg3+ 22. Kh1 fxe6 23. Qg4 Rxf3 24. Rxf3 Qxf3+ 25. Qxf3 exf3 26. Rf1 Rf8
27. Kh2 e5 28. dxe5 Rf5 29. Kg3 Rxe5 30. Kxf3 Rf5+ 31. Ke2 Rg5 32. e4 Rg2+ 33.
Rf2 Rg3 34. Rf3 Rg2+ 35. Kd3 Rxb2 36. e5 Rb1 37. Kd4 Re1 38. Kd5 h6 39. e6 g5
40. Kd6 Rd1+ 41. Kc7 Re1 42. Kd7 Kg7 43. e7 Rd1+ 44. Ke8 b5 45. Rf7+ Kg8 46.
Rf6 Kg7 47. Rxa6 h5 48. Re6 Rd5 49. Re4 Rd2 50. Re5 Rxa2 51. Kd7 1-0